| 000 | 00594nam a22002175i 4500 | ||
|---|---|---|---|
| 001 | 170120 | ||
| 003 | ES-MaACL | ||
| 005 | 20250315062556.0 | ||
| 008 | 090203s1978 sp |||| | spa d | ||
| 020 | _a84-321-1964-4 | ||
| 080 | _a821.134.2-14"19" | ||
| 100 | 1 |
_aMolinero, Miguel Angel. _981999 |
|
| 245 | 1 | 0 |
_aVenir de lejos / _cMiguel Angel Molinero. |
| 250 | _a[1ª ed.]. | ||
| 260 |
_aMadrid : _bRialp, _c[1978] |
||
| 300 |
_a40 p. ; _c18 cm. |
||
| 490 | 1 |
_aAdonais ; _v358 |
|
| 830 | 0 | 0 |
_aAdonáis _v358 _9173743 |
| 852 |
_aES-MaACL _jJ-23-358 _9R.144316 |
||
| 999 |
_c170120 _d170120 |
||